000 00748nam a2200265Ia 4500
003 OSt
005 20220918164415.0
006 a|||||r|||| 00| 0
007 ta
008 220917b |||||||| |||| 00| 0 eng d
020 _a0571104924
024 _a35,029
037 _cTextual
040 _aARTS
_cARTS
_beng
041 _2eng
_aeng
082 _aO111,1N32w, L4
100 _aSteiner Nancy Hunter
_918778
245 0 _aGloser look at ariel
_b a memory of Sylvia Plath
260 _aLondon
_bFaber And Faber UK
_c1973
300 _a88p.
_ccm.
650 _aENGLISH LITERATURE
700 _a Stade George
_918779
942 _hO111,1N32w, L4
_cTEXL
_2CC
999 _c124642
_d124642